| 000 | 00480nam a2200217 454500 | ||
|---|---|---|---|
| 001 | 028041 | ||
| 003 | BD-ChCU | ||
| 008 | Eng | ||
| 020 | _ax | ||
| 040 |
_aDLC _cDLC _dBD-ChCU |
||
| 082 | 0 | 0 | _a200.1/DAI |
| 100 | 1 |
_aDavies, Brian _bx |
|
| 245 | 1 | 0 |
_aAn introduction to the philosophy of Religion _bx |
| 250 | _ax | ||
| 260 |
_aN.Y., _bO.U.P., _c1982 |
||
| 300 | _a144 | ||
| 504 | _ax | ||
| 650 | 0 |
_aReligion-philosophy _bReligion |
|
| 700 | 1 | _ax | |
| 942 |
_2ddc _cBK |
||
| 999 |
_c28041 _d28041 |
||